000 00313 a2200121 4500
001 157316
040 _cEscola São Tomás de Aquino
100 _aROCHA, Ruth
240 1 0 _aO coelhinho que não era de Páscoa
_lpor
245 1 0 _aO coelhinho que não era de Páscoa
697 _a*LITERATURA INFANTO
942 _cBK
999 _c157316
_d157316